Нравствени писма до Луцилий (Запис номер 455712)
[ съкратено ]
| 000 -Лидер | |
|---|---|
| Контролно поле с фиксирана дължина | 01445nam a2200337 a 4500 |
| 003 - Код на организацията, давaща контролен номер | |
| Контролно поле | BLK |
| 005 - Дата и час на последна редакция | |
| Контролно поле | 20231220160649.0 |
| 008 - Елементи от данни с фиксирана дължина | |
| fixed length control field | 180412b bul|||||r ||||||| ||bul|| |
| 020 ## - Международен стандартен номер на книга ISBN | |
| Международен стандартен номер на книга ISBN | 9786197547849 |
| 040 ## - Източник на каталожния запис | |
| Идентификатор на билиотеката - собственик на записа | BLK |
| 041 ## - Код за език | |
| Код за езика на текст/звукозапис или на отделно заглавие | Български |
| Код за езика КДБФ | Български |
| 080 ## - УДК | |
| Текстов определител УДК | Обща история на философията |
| УДК код - определител по УДК | 101(091) |
| УДК определител | 123 |
| УДК - код + определител | 101(091)123 |
| 080 ## - УДК | |
| Текстов определител УДК | Латинска (римска) литература |
| УДК код - определител по УДК | 821.124 |
| УДК определител | -96 |
| УДК - код + определител | 821.124-96 |
| 100 1# - Редна дума - Автор | |
| Автор | Сенека, Луций Аней |
| Авторска отговорност | първи автор |
| R(LIN) | 119705 |
| 139 ## - Редно поле | |
| Редна дума | Сенека, Луций Аней |
| Авторски знак | Сен - С 33 |
| 240 ## - Унифицирано заглавие | |
| Унифицирано заглавие | Ad Lucilium epistulae morales |
| 245 10 - Сведения за заглавието | |
| Заглавие | Нравствени писма до Луцилий |
| Редно поле (дума) | Луций Аней Сенека; прев. Райка Николова. |
| 250 ## - Област на изданието | |
| Сведения за изданието | 2. съкр. изд. |
| 257 ## - Страна на издаване | |
| Страна на създаване/издаване | България |
| 260 ## - Област на издателските данни | |
| Място на издаване, разпространение и проч. | Бургас |
| Име на издателя, разпространителя и проч. | Хеликон |
| Година на издаване | 2020 |
| 9 (RLIN) | 212075 |
| Печатница | Костинброд : Мултипринт |
| Издателство - префикс ISBN | 978-954-2984- ; 954-9786- ; 954-8197- |
| 300 ## - Физическа характеристика | |
| Страници | 575 с. |
| Размери/Мащаб | 22 см |
| 380 ## - Жанр | |
| Жанр | Философия |
| 500 ## - Общи забележки | |
| Забележка | Ориг. загл., установено от доп. източник: Ad Lucilium epistulae morales<br/>1. изд. 2020 г., в 4 тома |
| 650 #7 - Допълнително описание по предмет – тема | |
| 9 (RLIN) | 175490 |
| Основно описание – тема или топоним | Философия |
| 653 #7 - Ключова дума – ненормативна | |
| 9 (RLIN) | 192460 |
| Ключова дума | нравственост |
| 653 #7 - Ключова дума – ненормативна | |
| 9 (RLIN) | 193794 |
| Ключова дума | писма |
| 700 ## - Други автори (авторска отговорност) | |
| Лично име | Николова, Райка Владимирова |
| Автороска отговорност (Описва отношението между автора и произведението) | прев. |
| 9 (RLIN) | 966 |
| 852 ## - Местоположение | |
| Форматна сигнатура | Цб 312753 |
| Фондова буква | Хранилище |
| 999 ## - СИСТЕМНИ КОНТРОЛНИ НОМЕРА | |
| Koha biblionumber | 455712 |
| Koha biblioitemnumber | 455712 |
| 942 ## - АРТИКУЛИ | |
| Вид на библиотечния материал | Книги |
| Скрит в OPAC | Не |
| Периодичен библиозапис | Да |
| 944 ## - СЪЗДАВАНЕ И РЕДАКЦИЯ на ЗАПИСА | |
| Служител, извършил регистрацията/редакцията | 30560 |
| Статус, дата на статуса | Геновева Генчева |
| Код за отписване | Код за изгубен артикул | Източник на класификационната схема | Код за повреда | Коз за рестрикции | Код за отдаване | Артикулен № | Име на библиотеката - собственик | Име на библиотеката, в която се намира в момента | Статус (Текущо местоположение) | Дата на вписване в системата | Местоположение - отдел | Цена в лева | Систематично азбучна сигнатура | Баркод | Цена в евро | Служебен тип на артикула |
|---|---|---|---|---|---|---|---|---|---|---|---|---|---|---|---|---|
| Не е изгубен | Universal Decimal Classification | Не е повреден | само за читалня | ползва се в читалня | 884487 | Регионална библиотека "Любен Каравелов" Русе | Регионална библиотека "Любен Каравелов" Русе | Хранилище | 2022-05-16 | Хранилище | 23.95 | Цб 312753 | 120000872481 | 12.25 | Книги |